Il padre: servire nel nascondimento. Maksimilijan Zitnik SJ
Saved in:
| Hovedforfatter: | |
|---|---|
| Format: | Bog |
| Sprog: | italiensk |
| Udgivet: |
Roma
Pontificium Collegium Russicum
2009
|
| Udgivelse: | 1a. ed |
| Fag: | |
| Tags: |
Tilføj Tag
Ingen Tags, Vær først til at tagge denne postø!
|
MARC
| LEADER | 00000nam a2200000 a 4500 | ||
|---|---|---|---|
| 001 | UCG2373 | ||
| 003 | CL-VaPUC | ||
| 008 | 100708e20090300IT |||||||||||||||||ita|d | ||
| 082 | 0 | 4 | |a 920.092 |b CVI |2 21 |
| 100 | 0 | |a Cvikl, Lojze |e author |9 550870 | |
| 245 | 1 | 3 | |a Il padre: servire nel nascondimento. Maksimilijan Zitnik SJ |
| 250 | |a 1a. ed | ||
| 300 | |a 283 p | ||
| 942 | |c BK | ||
| 945 | |d 20100708 00:00:00 |a dcastane | ||
| 260 | |a Roma |b Pontificium Collegium Russicum |c 2009 | ||
| 650 | 7 | |a BIOGRAFIA |2 CL-VaPUC |9 504622 | |
| 583 | |a last modification |c 20100708 00:00:00 |k Rodrigo Vera | ||
| 999 | |c 341588 |d 341586 | ||
| 952 | |0 0 |1 0 |4 0 |6 920_092000000000000_CVI_2009 |7 0 |8 F |9 437199 |a BIBTEO |b BIBTEO |d 2019-11-22 |i 4690680 |o 920.092 CVI 2009 |p 4690680 |r 2025-01-17 |w 2019-11-22 |y BK_F |k ICR | ||